Quản lý các chương trình khuyến mãi của một siêu thị thông qua việc xây dựng một Website trên Platform Eclipse Juno và gói Eclipse for Mobile Developers : Luận văn thạc sĩ công nghệ thông tin. Ngành hệ thống thông tin

Đề tài có nội dung xây dựng website giúp quản lý các chương trình khuyến mãi của một siêu thị bằng cách sử dụng Platform Eclipse Juno và gói Eclipse for Moblie Developers. Qua đó tạo được công cụ góp phần quảng bá các thông tin khuyến mãi của siêu t...

ver descrição completa

Na minha lista:
Detalhes bibliográficos
Autor principal: Hồ, Đình Hoà
Formato: Livro
Idioma:Undetermined
Publicado em: Cần Thơ Đại học Cần Thơ 2014
Assuntos:
Tags: Adicionar Tag
Sem tags, seja o primeiro a adicionar uma tag!
Thư viện lưu trữ: Trung tâm Học liệu Trường Đại học Cần Thơ
LEADER 01333nam a2200229Ia 4500
001 CTU_188900
008 210402s9999 xx 000 0 und d
082 |a 658.80285 
082 |b H401 
088 |a 60480104 
100 |a Hồ, Đình Hoà 
245 0 |a Quản lý các chương trình khuyến mãi của một siêu thị thông qua việc xây dựng một Website trên Platform Eclipse Juno và gói Eclipse for Mobile Developers : 
245 0 |b Luận văn thạc sĩ công nghệ thông tin. Ngành hệ thống thông tin 
245 0 |c Hồ Đình Hoà ; Phạm Thị Xuân Lộc (hướng dẫn) 
260 |a Cần Thơ 
260 |b Đại học Cần Thơ 
260 |c 2014 
520 |a Đề tài có nội dung xây dựng website giúp quản lý các chương trình khuyến mãi của một siêu thị bằng cách sử dụng Platform Eclipse Juno và gói Eclipse for Moblie Developers. Qua đó tạo được công cụ góp phần quảng bá các thông tin khuyến mãi của siêu thị đến người tiêu dùng. 
650 |a Tiếp thị 
650 |x Ứng dụng công nghệ 
904 |i Qhieu, Thanh Thuý 
980 |a Trung tâm Học liệu Trường Đại học Cần Thơ